Statystyki dla Zawodnicy którzy grali z numerem 11 na mundialu w Katarze

Kliknij tutaj aby rozwiązać quiz!

Ogólne statystyki

  • Ten quiz został rozwiązany 6 razy
  • Średni wynik to 5 z 32

Statystyki odpowiedzi

ReprezentacjaZawodnik% Poprawnych
ArgentynaAngel di Maria
80%
PolskaKamil Grosicki
80%
WaliaGareth Bale
60%
HiszpaniaFerran Torres
40%
AngliaMarcus Rashford
40%
FrancjaOusmane Dembele
40%
AustraliaAwer Mabil
20%
UrugwajDarwin Nunez
20%
KoreaHee-chan Hwan
20%
ChorwacjaMarcelo Brozović
20%
KanadaTajon Buchanan
20%
BelgiaYannick Carrasco
20%
MarokoAbdelhamid Sabiri
0%
KatarAkram Afif
0%
DaniaAndreas Skov Olsen
0%
USABrenden Aaronson
0%
KamerunChristian Bassogog
0%
PortugaliaJoao Felix
0%
KostarykaJohan Venegas
0%
SerbiaLuka Jović
0%
NiemcyMario Gotze
0%
EkwadorMichael Estrada
0%
GhanaOsman Bukari
0%
SenegalPathe Ciss
0%
BrazyliaRaphinha
0%
SzwajcariaRenato Steffen
0%
MeksykRogelio Funes Mori
0%
Arabia SaudyjskaSaleh Al-Shehri
0%
HolandiaSteven Berghuis
0%
TunezjaTaha Yassine Khenissi
0%
JaponiaTakefusa Kubo
0%
IranWahid Amiri
0%

Rozkład punktacji

Percentyl według liczby udzielonych odpowiedzi

Procent ludzi z każdym wynikiem

Twoja historia wyników

Nie rozwiązałeś tego quizu